| 000 | 00645nam a22001817a 4500 | ||
|---|---|---|---|
| 005 | 20251108171955.0 | ||
| 008 | 250721s1988 xx 000 0 ara d | ||
| 082 | 1 | 4 | _a616.8/جيف |
| 100 | 1 | _aجيفنز، بيتر | |
| 245 | 1 | 0 |
_aالمرشد في مرض الصرع : _bللمرضى و لعوائلهم و للأطباء أجوبة واضحة و مباشرة ل 287 سؤالا حول الصرع / |
| 264 | 1 |
_aبغداد : _bوزارة الثقافة، _c1988. |
|
| 300 | _a163ص | ||
| 650 | 1 | 7 | _aالصرع |
| 700 | 1 | _aاسبينال، الك | |
| 700 | 1 |
_aحسن، حسين سرمك _eترجمة |
|
| 942 |
_2ddc _cBK |
||
| 999 |
_c67325 _d67325 |
||